Life in the pressure cooker : (Record no. 54247)
[ view plain ]
| 000 -LEADER | |
|---|---|
| fixed length control field | 01021cam a2200265Ii 4500 |
| 001 - CONTROL NUMBER | |
| control field | 6778295 |
| 003 - CONTROL NUMBER IDENTIFIER | |
| control field | OCoLC |
| 005 - DATE AND TIME OF LATEST TRANSACTION | |
| control field | 20250729202828.0 |
| 008 - FIXED-LENGTH DATA ELEMENTS--GENERAL INFORMATION | |
| fixed length control field | 801002s1977 inua 000 0 eng d |
| 020 ## - INTERNATIONAL STANDARD BOOK NUMBER | |
| International Standard Book Number | 0884690369 ; |
| Terms of availability | $2.95 |
| 020 ## - INTERNATIONAL STANDARD BOOK NUMBER | |
| International Standard Book Number | 9780884690368 |
| 035 ## - SYSTEM CONTROL NUMBER | |
| System control number | (OCoLC)6778295 |
| 040 ## - CATALOGING SOURCE | |
| Original cataloging agency | IGR |
| Transcribing agency | IGR |
| Modifying agency | OCL |
| -- | BAKER |
| 049 ## - LOCAL HOLDINGS (OCLC) | |
| Holding library | MAIN |
| 100 1# - MAIN ENTRY--PERSONAL NAME | |
| Personal name | Roberts, Roy R. |
| 245 10 - TITLE STATEMENT | |
| Title | Life in the pressure cooker : |
| Remainder of title | studies in James / |
| Statement of responsibility, etc | Roy R. Roberts. |
| 260 ## - PUBLICATION, DISTRIBUTION, ETC. (IMPRINT) | |
| Place of publication, distribution, etc | Winona Lake, Ind. : |
| Name of publisher, distributor, etc | BMH, |
| Date of publication, distribution, etc | c1977. |
| 300 ## - PHYSICAL DESCRIPTION | |
| Extent | 167 p. : |
| Other physical details | ill. ; |
| Dimensions | 19 cm. |
| 336 ## - CONTENT TYPE | |
| Content Type Term | text |
| 337 ## - MEDIA TYPE | |
| Media Type Term | unmediated |
| 338 ## - CARRIER TYPE | |
| Carrier Type Term | volume |
| 505 0# - FORMATTED CONTENTS NOTE | |
| Formatted contents note | Pressure, pressure, pressure<br/>The tragedy of lust<br/>Words are cheap<br/>The cult of the clique<br/>The colors of the household of faith<br/>A maze of mouth<br/>The ways of wisdom<br/>Who controls your life?<br/>The life with no Lord<br/>Mother, where's the money?<br/>Here comes the judge<br/>When you have your health, you have just about everything |
| 630 00 - SUBJECT ADDED ENTRY--UNIFORM TITLE | |
| Uniform title | Bible. |
| Name of part/section of a work | N.T. |
| -- | James |
| Form subdivision | Commentaries. |
| 942 ## - ADDED ENTRY ELEMENTS (KOHA) | |
| Source of classification or shelving scheme | Library of Congress Classification |
| Item type | Books |
| Withdrawn status | Lost status | Source of classification or shelving scheme | Damaged status | Not for loan | Home library | Current library | Shelving location | Date acquired | Inventory number | Total Checkouts | Full call number | Barcode | Date last seen | Price effective from | Koha item type |
|---|---|---|---|---|---|---|---|---|---|---|---|---|---|---|---|
| Library of Congress Classification | BSOP Library | BSOP Library | GC | 07/29/2025 | 49096 | BS 2785.3 R54 1977 | 00061796 | 07/29/2025 | 07/29/2025 | Books |
